000 01194nam a22001937a 4500
003 JO-AjAnu
005 20240605114422.0
008 240415b jo ||||| |||| 00| 0 ara d
040 _aJO-AjAnu
_bara
_cJO-AjAnu
041 0 _aara
100 1 _aالشويات، اخلاص بسام سليم
_eمعد
_965361
245 1 0 _aأثر اليقظة الاستراتيجية في تحقيق الميزة التنافسية في شركات الادوية الاردنية، تكنولوجيا المعلومات : كمتغير معدل = The Effect of Strategic Vigilance in Achieving Competitive Advantage at Jordanian Pharmaceutical Companies, Information Technology : as a Moderating Variable
_cاعداد اخلاص بسام سليم الشويات ؛ اشراف محمود علي الروسان
260 _c2023
300 _a110 ورقة
500 _aرسالة جامعية ( رسالة ماجستير في ادارة الاعمال) - جامعة عجلون الوطنية ( عجلون، الاردن)، كلية الاعمال، 2023.
650 7 0 _aالادوية - صناعة - الاردن
_965362
700 1 _aالروسان، محمود علي
_eمشرف
_965363
942 _2lcc
_cTHS
_n0
999 _c33453
_d33453